000
00203nam a22000977a 4500
082
_a
823
_b
DUM/M
100
_a
DUMAS,ALEXANDER
245
_a
MONTE CRISTO
246
_a
MONTE CRISTO
_b
MONTE CRISTO
942
_c
BK
999
_c
8235
_d
8235